Estudios críticos de la literatura dominicana contemporánea / (Registro nro. 12850)

Detalles MARC
000 -LIDER
fixed length control field 02008nam a22002897a 4500
003 - IDENTIFICACDOR DE NÚMERO DE CONTROL
control field DO-SdBNP
005 - DATE AND TIME OF LATEST TRANSACTION
control field 20210428114600.0
008 - ELEMENTOS DE LONGITUD FIJA
fixed length control field 171110b 2005 dr 00| 0 spa d
020 ## - ISBN
International Standard Book Number 9993439312
040 ## - FUENTE DE CATALOGACIÓN
Agencia que crea de manera original el registro BPMSU
Idioma de catalogación spa
Agencia que realiza la transcripción BPMSU
082 ## - NÚMERO DE CLASIFICACIÓN DECIMAL DE DEWEY
Classification number RD860.9
Item number E53e
Edition number 22
100 1# - ASIENTO PRINCIPAL -- NOMBRE PERSONAL
Nombre personal Emeterio Rondón, Pura
245 10 - MENCIÓN DE TITULO
Título Estudios críticos de la literatura dominicana contemporánea /
Mención de responsabilidad Pura Emeterio Rondón ; prólogo Bruno Rosario Candelier
260 ## - PUBLICACIÓN, DISTRIBUCIÓN, ETC. (PIE DE IMPRENTA)
Lugar de publicación, distribución, etc Santo Domingo :
Nombre del editor, distribuidor, etc. Librería la Trinitaria,
Fecha de publicación, distribución, etc 2005.
300 ## - DESCRIPCIÓN FÍSICA
Extensión 225 p. ;
Dimensiones 23 cm.
500 ## - NOTA GENERAL
Nota general Incluye datos biográficos del autor en las solapas.
504 ## - NOTA DE BIBLIOGRAFÍA, ETC.
Bibliography, etc Bibliografía : p. 225
505 ## - NOTA DE CONTENIDO
Texto normalizado de contenido Prólogo -- Presentación -- El sentido de la identidad en Salomé Ureña -- Para otra lectura de El Masacre -- Trujillo : ficción histórica y realidad literaria de un mito -- Sólo cenizas hallarás : otra vez la ficción, otra vez la historia -- A propósito de tiempo muerto -- La perspectiva ética en el sueño era cipango 65 -- Pasión e historia en la narrativa de Pedro Mir 75 -- Pedro Mir : sus viajes y cantos 81 -- Manuel del Cabral : único y diverso 85 -- Retórica de la oralidad en la poética de Domingo Moreno Jimenes 95 -- Pedro Mir y Manuel del Cabral en los sonidos y las letras 115 -- ¿De qué color es la literatura dominicana? -- Metafísica y belleza en 14 mudos de amor -- La rosa y otras riquezas literarias de Franklin Mieses Burgos -- Orígenes y revelaciones en la poética de José Enrique García -- Los enigmas de Hilma Contreras -- La dimensión mítica de la literatura caribeña : República Dominicana y Haití -- Los estudios de la literatura caribeña en la actualidad -- Hacia el reconocimiento de un discurso caribeño.
590 ## - NOTA LOCAL
Enlace Inventariado, 2021/VM
650 #4 - ENCABEZAMIENTO DE MATERIA--TEMÁTICO
Término temático o nombre geográfico como elemento de entrada Literatura dominicana
Subdivisión temática general Historia y crítica.
Subdivisión cronológica Siglo XX
650 #4 - ENCABEZAMIENTO DE MATERIA--TEMÁTICO
Término temático o nombre geográfico como elemento de entrada Crítica literaria.
650 #4 - ENCABEZAMIENTO DE MATERIA--TEMÁTICO
Término temático o nombre geográfico como elemento de entrada Literatura dominicana
700 1# - ASIENTO SECUNDARIO -- NOMBRE PERSONAL
Nombre personal Rosario Candelier, Bruno,
Mención de responsabilidad pról.
910 ## - VALIDACIÓN
Validación VMateo
942 ## - ADDED ENTRY ELEMENTS (KOHA)
Source of classification or shelving scheme Dewey Decimal Classification
Koha item type Libros
945 ## - INFORMACIÓN DE PROCESAMIENTO LOCAL
Información de procesamiento local
Existencias
Withdrawn status Lost status Source of classification or shelving scheme Damaged status Not for loan Collection code Home library Current library Date acquired Source of acquisition Total Checkouts Full call number Barcode Date last seen Price effective from Koha item type Copy number
    Dewey Decimal Classification     Colección Dominicana Biblioteca Pública Metropolitana Salomé Ureña Biblioteca Pública Metropolitana Salomé Ureña 11/10/2017 Compra   BPMSU CD RD860.9 E53e 2005 BPMSU17110154 11/10/2017 11/10/2017 Libros  
    Dewey Decimal Classification     Colección Dominicana Biblioteca Pública Metropolitana Salomé Ureña Biblioteca Pública Metropolitana Salomé Ureña 03/16/2021 Compra   BPMSU CD RD860.9 E53e 2005 BPMSU21030034 03/16/2021 03/16/2021 Libros e.2
    Dewey Decimal Classification     Colección Dominicana Biblioteca Pública Metropolitana Salomé Ureña Biblioteca Pública Metropolitana Salomé Ureña 03/16/2021 Compra   BPMSU CD RD860.9 E53e 2005 BPMSU21030035 03/16/2021 03/16/2021 Libros e.3